GA Houses 38 (Record no. 924350)

MARC details
000 -LEADER
fixed length control field 00235nam a2200097Ia 4500
008 - FIXED-LENGTH DATA ELEMENTS--GENERAL INFORMATION
fixed length control field 231107s2003 xx 000 0 und d
041 ## - LANGUAGE CODE
Language code of text/sound track or separate title eng
100 ## - MAIN ENTRY--PERSONAL NAME
Personal name futugawa Y.
245 ## - TITLE STATEMENT
Title GA Houses 38
260 ## - PUBLICATION, DISTRIBUTION, ETC.
Place of publication, distribution, etc. Tokyo
Name of publisher, distributor, etc. A.D.A. Editta pub.
Date of publication, distribution, etc. 2003
Holdings
Withdrawn status Lost status Damaged status Not for loan Home library Current library Date acquired Cost, normal purchase price Total Checkouts Barcode Date last seen Price effective from Koha item type
        College of Architecture, Navi Mumbai College of Architecture, Navi Mumbai 08/11/2023 2240.00   ARM-A-2722 08/11/2023 08/11/2023 Book